Napučiavanie buničinových vlákien v procese recyklácie
Uložené v:
| Hlavný autor: | |
|---|---|
| Médium: | Program Kniha |
| Jazyk: | Slovak |
| Vydavateľské údaje: |
Bratislava
STU FCHPT
2009
|
| On-line prístup: | View in OPAC |
| Tagy: |
Žiadne tagy, Buďte prvý, kto otaguje tento záznam!
|
MARC
| LEADER | 00000nam a2200000 a 4500 | ||
|---|---|---|---|
| 005 | 20260127133921.0 | ||
| 007 | co ugu | ||
| 008 | 090713 2009 xo 000 0 slo d | ||
| 035 | |a vtls009627101 | ||
| 039 | 9 | |y 200907131046 |z mschk03 | |
| 040 | |a STUSCHK1 |b slo |c STUSCHK1 |e AACR2 | ||
| 100 | 1 | |a Kišová, Martina | |
| 245 | 1 | |a Napučiavanie buničinových vlákien v procese recyklácie |c Martina Kišová | |
| 260 | |a Bratislava |b STU FCHPT |c 2009 | ||
| 300 | |a 1 elektronický disk | ||
| 500 | |a Obháj.: 9.6. 2009 | ||
| 500 | |a Študijný program: polymérne materiály | ||
| 500 | |a Študijný odbor: 5.2.18 chemické technológie | ||
| 500 | |a Miesto vypracovania: Oddelenie chemickej technológie dreva, celulózy a papiera, FCHPT STU | ||
| 500 | |a Diplomová práca na CD-ROMe | ||
| 910 | |a SCHK95 | ||
| 999 | |c 32 |d 32 | ||